| 000 | 01473nam a2200325 a 4500 | ||
|---|---|---|---|
| 001 | 00003867 | ||
| 003 | DO-SdBNP | ||
| 005 | 20180306092341.0 | ||
| 007 | 00003867 | ||
| 008 | 110712s2014 dr ac 000 0 spa d | ||
| 020 | _a9789945495488 | ||
| 040 |
_aBPMSU _bspa _cBPMSU |
||
| 092 |
_axxxx _bxxxx |
||
| 100 | 1 | _aRodríguez Rijo, Basilia | |
| 245 | 1 | 0 |
_aLengua española 8 : _beducación básica / _cBasilia Rodríguez Rijo, Olimpia Sánchez Rodríguez ; producción editorial María del Jesús de la Rosa ; ilustración Henry Cid. |
| 260 |
_aSanto Domingo : _bActualidad Escolar, _c2014. |
||
| 300 |
_a2v. : _bil., retrs. ; _c28 cm. |
||
| 500 | _aEdición revisada y actualizada al 2014 | ||
| 500 | _aIncluye el libro del maestro. | ||
| 500 | _aOctavo grado, sengudo ciclo educación básica | ||
| 504 | _aBibliografía : p. 190 | ||
| 505 | 0 |
_gUnidad 1 -- _tEl reportaje periodístico -- _gUnidad 2 -- _tTextos informativos -- _gUnidad 3 -- _tEl relato -- _gUnidad 4 -- _tTextos instructivos -- _gUnidad 5 -- _tTexto informativo argumentativo -- _gUnidad 6 -- _tEl reportaje -- _gUnidad 7 -- _tTextos expositivos -- _gUnidad 8 -- _tLa novela -- _gUnidad 9 -- _tLa poesía -- |
|
| 700 | 1 | 2 |
_aCid, Henry, _eil. |
| 700 | 1 | 2 |
_aRosa, María del Jesús de la, _eed. |
| 700 | 1 | 2 | _aSánchez Rodríguez, Olimpia |
| 942 |
_2ddc _cBK |
||
| 945 | _aRemanejado para la BNPHU / 2018 VM | ||
| 956 |
_aVMATEO _b10 _c20150812 _lBPMSU _h00151 |
||
| 956 |
_aLOPEREZ _b10 _c20160414 _lBPMSU _h00041 |
||
| 999 |
_c9798 _d9798 |
||